[Event "Oran zt 4.1"]
[Site "Oran"]
[Date "2019.04.26"]
[Round "2"]
[White "Salhi, Nouressadat"]
[Black "Bengherabi, Khalil"]
[Result "0-1"]
[WhiteElo "1951"]
[BlackElo "2148"]
[PlyCount "112"]
[EventDate "2019.04.25"]
[EventType "tourn"]
[EventRounds "9"]
[EventCountry "ALG"]
[SourceTitle "CBM 190 Extra"]
[Source "ChessBase"]
[SourceDate "2019.07.15"]
[SourceVersion "1"]
[SourceVersionDate "2019.07.15"]
[SourceQuality "1"]

1. e4 c5 2. Nf3 d6 3. d4 cxd4 4. Nxd4 Nf6 5. Nc3 g6 6. f4 Nbd7 7. Bc4 Bg7 8. Be3 0-0 9. 0-0 Nc5 10. Qf3 Ng4 11. Rad1 e5 12. Nde2 Qh4 13. h3 exf4 14. Bxf4 Ne5 15. Bxe5 Bxe5 16. Qf2 Qg5 17. h4 Qg4 18. Bxf7+ Kg7 19. Rxd6 Bxd6 20. Qd4+ Kh6 21. Qd2+ Kg7 22. Qd4+ Kh6 23. Qxd6 Bf5 24. Qd2+ Kg7 25. Qd4+ Kh6 26. Rxf5 gxf5 27. Qd6+ Kg7 28. Qe5+ Kxf7 29. Qxc5 fxe4 30. Nd4 Kg8 31. Qd5+ Rf7 32. Nxe4 Qxh4 33. Nf5 Rd8 34. Qxf7+ Kxf7 35. Nxh4 Rd1+ 36. Kh2 Rb1 37. b3 Rb2 38. c4 b6 39. c5 Rxa2 40. Nf3 bxc5 41. Nxc5 Rc2 42. Ne5+ Kf6 43. Nc4 Kg5 44. Ne6+ Kf6 45. Nc5 Kg6 46. Kg3 Rc3+ 47. Kf4 h5 48. Ne6 Rxb3 49. Ne5+ Kf6 50. Nd4 Rb2 51. g3 a5 52. Nd7+ Kg6 53. Nc5 a4 54. Nxa4 Rb4 55. Nc3 Rxd4+ 56. Ne4 Rd3 0-1

[Event "TUN-chT"]
[Site "Hammamet"]
[Date "2019.03.10"]
[Round "6.3"]
[White "Ferchichi, Sofiane"]
[Black "Bengherabi, Khalil"]
[Result "0-1"]
[WhiteElo "2051"]
[BlackElo "2107"]
[PlyCount "120"]
[EventDate "2019.02.09"]
[EventType "team-tourn"]
[EventRounds "11"]
[EventCountry "TUN"]
[SourceTitle "CBM 190 Extra"]
[Source "ChessBase"]
[SourceDate "2019.07.15"]
[SourceVersion "1"]
[SourceVersionDate "2019.07.15"]
[SourceQuality "1"]
[WhiteTeam "Megrine Maison"]
[BlackTeam "Bouhjar"]
[WhiteTeamCountry "TUN"]
[BlackTeamCountry "TUN"]

1. d4 Nf6 2. c4 e6 3. Nf3 d5 4. g3 c6 5. Bg2 Bb4+ 6. Bd2 Be7 7. Qc2 Nbd7 8. 0-0 0-0 9. cxd5 exd5 10. Nc3 Re8 11. Rfe1 Bd6 12. Bg5 h6 13. Bxf6 Nxf6 14. Rad1 Be6 15. Rc1 Qd7 16. e3 Bf5 17. Qb3 Rac8 18. Na4 Ne4 19. Nc5 Bxc5 20. dxc5 Qe7 21. Nd4 Bg6 22. Qa3 a6 23. b4 Qf6 24. Qb2 Ng5 25. f3 Rc7 26. Qd2 Rce7 27. h4 Ne6 28. Kf2 Nxd4 29. Qxd4 Qf5 30. Kg1 Qd7 31. Rcd1 Qc7 32. Kf2 Bf5 33. Qf4 Qxf4 34. gxf4 a5 35. a3 Ra8 36. e4 dxe4 37. fxe4 Bg4 38. Rd4 axb4 39. axb4 Ra2+ 40. Kg3 h5 41. Re3 Rb2 42. Red3 Kh7 43. Ra3 Re8 44. Bf1 Rb1 45. Bg2 Rb2 46. Bf1 g6 47. Bg2 Kg7 48. Bf1 Rb8 49. Bg2 Kf8 50. Bh1 Ke8 51. Bg2 Be2 52. Bh3 Rd8 53. Rxd8+ Kxd8 54. Ra8+ Ke7 55. Bc8 Rxb4 56. e5 Rb3+ 57. Kf2 Bg4 58. Bxg4 hxg4 59. Rc8 Kd7 60. Rf8 Ke6 0-1

[Event "Arab Cities"]
[Site "Hammamet"]
[Date "2019.02.22"]
[Round "2.1"]
[White "Ameir, Moheb"]
[Black "Bengherabi, Khalil"]
[Result "1/2-1/2"]
[WhiteElo "2286"]
[BlackElo "2123"]
[PlyCount "193"]
[EventDate "2019.02.21"]
[EventType "team-swiss"]
[EventRounds "7"]
[EventCountry "TUN"]
[SourceTitle "CBM 189 Extra"]
[Source "ChessBase"]
[SourceDate "2019.06.03"]
[SourceVersion "1"]
[SourceVersionDate "2019.06.03"]
[SourceQuality "1"]
[WhiteTeam "Cairo"]
[BlackTeam "Alger"]
[WhiteTeamCountry "EGY"]
[BlackTeamCountry "ALG"]

1. e4 c5 2. Nf3 d6 3. Bb5+ Bd7 4. Bxd7+ Qxd7 5. c4 e5 6. 0-0 Nf6 7. Nc3 g6 8. a3 Nc6 9. Rb1 Bg7 10. b4 b6 11. d3 0-0 12. b5 Nd4 13. Bg5 Nxf3+ 14. Qxf3 Ne8 15. a4 Nc7 16. a5 Rfb8 17. Ra1 a6 18. axb6 Rxb6 19. h3 Rbb8 20. bxa6 h6 21. Bd2 Rxa6 22. Rxa6 Nxa6 23. Ra1 Nb4 24. Nb5 Nc6 25. Qg4 Qxg4 26. hxg4 Bf8 27. Bc3 g5 28. Kf1 Kg7 29. Ra6 Rc8 30. Rb6 Kf6 31. Ke2 Ke6 32. Rb7 Kf6 33. Kd2 Nd8 34. Ra7 Nc6 35. Ra6 Ke6 36. Ke2 Be7 37. Ba5 Kd7 38. Bd2 Nd4+ 39. Nxd4 exd4 40. Ra7+ Rc7 41. Ra1 Rb7 42. Kd1 Bf8 43. Ra8 Ke7 44. Kc2 f6 45. Ba5 Kf7 46. Ra6 Be7 47. Bb6 Kg7 48. f3 Kf7 49. Ba5 Ke6 50. Ra8 Kd7 51. Rh8 Ra7 52. Bd2 Ra2+ 53. Kd1 Ra1+ 54. Ke2 Rh1 55. Be1 Bd8 56. Rh7+ Be7 57. Bg3 Ke6 58. Rh8 Ra1 59. Be1 Ra2+ 60. Bd2 Kf7 61. Rh7+ Ke8 62. Rxh6 Bd8 63. Kd1 Ra1+ 64. Bc1 Ra2 65. Bd2 Ra1+ 66. Bc1 Ra2 67. f4 Be7 68. Rh8+ Kd7 69. fxg5 fxg5 70. Bd2 Bf6 71. Rg8 Ke6 72. Rb8 Ra1+ 73. Bc1 Ra2 74. Rb2 Rxb2 75. Bxb2 Be5 76. Bc1 Bf6 77. Kc2 Kd7 78. Bd2 Kc6 79. Kd1 Kd7 80. Ke2 Ke6 81. Kf3 Bd8 82. Be1 Be7 83. Ke2 Bf6 84. Kd1 Kd7 85. Kc2 Kc6 86. Kb3 Kb6 87. Ka4 Ka6 88. Bg3 Be5 89. Be1 Bf6 90. Ba5 Be7 91. Be1 Bf6 92. Kb3 Kb6 93. Kc2 Kc6 94. Ba5 Be7 95. Kb3 Kb7 96. Ka4 Ka6 97. Be1 1/2-1/2

[Event "Arab Cities"]
[Site "Hammamet"]
[Date "2019.02.21"]
[Round "1.2"]
[White "Bengherabi, Khalil"]
[Black "Kaabi, Mejdi"]
[Result "1/2-1/2"]
[WhiteElo "2123"]
[BlackElo "2274"]
[PlyCount "60"]
[EventDate "2019.02.21"]
[EventType "team-swiss"]
[EventRounds "7"]
[EventCountry "TUN"]
[SourceTitle "CBM 189 Extra"]
[Source "ChessBase"]
[SourceDate "2019.06.03"]
[SourceVersion "1"]
[SourceVersionDate "2019.06.03"]
[SourceQuality "1"]
[WhiteTeam "Alger"]
[BlackTeam "Omrane"]
[WhiteTeamCountry "ALG"]
[BlackTeamCountry "TUN"]

1. e4 e5 2. Nf3 Nc6 3. d4 exd4 4. Nxd4 Nf6 5. Nc3 Bb4 6. Nxc6 bxc6 7. Bd3 0-0 8. 0-0 d5 9. exd5 cxd5 10. Bg5 c6 11. Qf3 Bxc3 12. bxc3 h6 13. Bxf6 Qxf6 14. Qxf6 gxf6 15. Rab1 Re8 16. Rfe1 Kf8 17. Kf1 Rxe1+ 18. Kxe1 Ke7 19. c4 Kd6 20. cxd5 cxd5 21. Rb4 Be6 22. Kd2 a5 23. Rh4 Rh8 24. a3 f5 25. Ke3 Ke5 26. f4+ Kf6 27. Bb5 Rc8 28. Kd3 d4 29. Rxh6+ Kg7 30. Rh3 Rc5 1/2-1/2

[Event "Gibraltar Challengers op-B"]
[Site "Caleta"]
[Date "2019.01.30"]
[Round "5"]
[White "Bengherabi, Khalil"]
[Black "Hng, Mei Xian Eunice"]
[Result "0-1"]
[WhiteElo "2150"]
[BlackElo "1718"]
[PlyCount "66"]
[EventDate "2019.01.26"]
[EventType "swiss"]
[EventRounds "5"]
[EventCountry "GGB"]
[SourceTitle "CBM 188 Extra"]
[Source "ChessBase"]
[SourceDate "2019.02.26"]
[SourceVersion "1"]
[SourceVersionDate "2019.02.26"]
[SourceQuality "1"]

1. e4 c5 2. Nc3 e6 3. d3 Nc6 4. Nf3 d6 5. g3 Nf6 6. Bg2 Be7 7. 0-0 0-0 8. Bg5 h6 9. Be3 d5 10. exd5 exd5 11. Bf4 Be6 12. Re1 Qd7 13. Ne5 Nxe5 14. Bxe5 Rad8 15. Qd2 Ng4 16. Qe2 Nxe5 17. Qxe5 Bf6 18. Qe2 Rfe8 19. Qf3 b5 20. Qd1 b4 21. Ne2 Bxb2 22. Rb1 Bf6 23. Qd2 Bf5 24. c3 a5 25. cxb4 axb4 26. Rbc1 Bg5 27. f4 Bf6 28. Kh1 Qb5 29. d4 Bg4 30. Rc2 Rxe2 31. Rxe2 Qxe2 32. Qxe2 Bxe2 33. Rxe2 Bxd4 0-1

[Event "Gibraltar Challengers op-B"]
[Site "Caleta"]
[Date "2019.01.29"]
[Round "4"]
[White "Pinho, Paulo Miguel"]
[Black "Bengherabi, Khalil"]
[Result "1-0"]
[WhiteElo "2205"]
[BlackElo "2150"]
[PlyCount "41"]
[EventDate "2019.01.26"]
[EventType "swiss"]
[EventRounds "5"]
[EventCountry "GGB"]
[SourceTitle "CBM 188 Extra"]
[Source "ChessBase"]
[SourceDate "2019.02.26"]
[SourceVersion "1"]
[SourceVersionDate "2019.02.26"]
[SourceQuality "1"]

1. d4 Nf6 2. c4 e6 3. Nf3 d5 4. g3 Be7 5. Bg2 0-0 6. 0-0 Nbd7 7. b3 c6 8. Nc3 b6 9. Bb2 Bb7 10. Qc2 c5 11. cxd5 Nxd5 12. Nxd5 Bxd5 13. e4 Bb7 14. Rfd1 cxd4 15. Nxd4 Bc5 16. b4 Bxd4 17. Rxd4 Rc8 18. Qd2 Rc7 19. Rd1 Bc6 20. Qc3 Bd5 21. Rc4 1-0

[Event "Gibraltar Challengers op-A"]
[Site "Caleta"]
[Date "2019.01.22"]
[Round "2"]
[White "Bengherabi, Khalil"]
[Black "Meszaros, Andras"]
[Result "0-1"]
[WhiteElo "2150"]
[BlackElo "2226"]
[PlyCount "67"]
[EventDate "2019.01.21"]
[EventType "swiss"]
[EventRounds "5"]
[EventCountry "GGB"]
[SourceTitle "CBM 188 Extra"]
[Source "ChessBase"]
[SourceDate "2019.02.26"]
[SourceVersion "1"]
[SourceVersionDate "2019.02.26"]
[SourceQuality "1"]

1. e4 c5 2. Nf3 g6 3. d4 cxd4 4. Qxd4 Nf6 5. Nc3 Nc6 6. Qa4 Bg7 7. e5 Ng8 8. Bf4 Nh6 9. h3 0-0 10. Bb5 a6 11. 0-0 Rb8 12. Bd3 b5 13. Qe4 Kh8 14. Rfe1 Ng8 15. Qe2 Bb7 16. a4 Nb4 17. Be4 bxa4 18. e6 Bxe4 19. Nxe4 Rb6 20. exf7 Rxf7 21. Be5 Nc6 22. Bxg7+ Rxg7 23. Rxa4 Rxb2 24. Rxa6 Qc7 25. Qc4 Rb4 26. Qc3 Qf4 27. Rxc6 Rxe4 28. Rxe4 Qxe4 29. Rc8 h6 30. Ne5 d6 31. Nd7 Qf5 32. Nf8 e5 33. f3 Rf7 34. Rc7 0-1

[Event "ALG Cup"]
[Site "El Harrach"]
[Date "2019.01.05"]
[Round "6"]
[White "Bouguerne, Fouzi"]
[Black "Bengherabi, Khalil"]
[Result "0-1"]
[WhiteElo "1983"]
[BlackElo "2150"]
[PlyCount "94"]
[EventDate "2018.11.23"]
[EventType "swiss"]
[EventRounds "14"]
[EventCountry "ALG"]
[SourceTitle "CBM 189 Extra"]
[Source "ChessBase"]
[SourceDate "2019.06.03"]
[SourceVersion "1"]
[SourceVersionDate "2019.06.03"]
[SourceQuality "1"]

1. d4 Nf6 2. Nf3 b5 3. Bg5 Bb7 4. e3 Ne4 5. Bf4 a6 6. c4 bxc4 7. Bxc4 d5 8. Bd3 e6 9. 0-0 Bd6 10. Bxd6 Nxd6 11. Ne5 0-0 12. Nd2 Nd7 13. f4 f6 14. Qh5 Ne4 15. Nxd7 Qxd7 16. Nb3 g6 17. Qe2 Qd6 18. Bxe4 dxe4 19. Nc5 Bd5 20. Qc2 Qc6 21. b3 Rab8 22. Rac1 Rb6 23. Qb1 Qe8 24. Nxe4 Qa8 25. Nd2 Bxg2 26. Rf2 Bc6 27. Nc4 Rb5 28. Qc2 Be4 29. Qc3 Rh5 30. Nd2 Rf7 31. Qc4 Rh4 32. Kf1 Bd3+ 33. Qxd3 Qh1+ 34. Ke2 Qxc1 35. Qxa6 Re7 36. a4 Rh5 37. b4 Qa3 38. Ne4 Kg7 39. b5 Rh3 40. Ng3 Rxh2 41. Rxh2 Qa2+ 42. Kf3 Qxh2 43. b6 cxb6 44. Qxb6 h5 45. Qd6 Kf7 46. d5 h4 47. Ne4 Qh1+ 0-1

[Event "Brno op 8th"]
[Site "Brno"]
[Date "2018.11.17"]
[Round "9"]
[White "Bengherabi, Khalil"]
[Black "Vesely, Jaromir"]
[Result "1-0"]
[WhiteElo "2163"]
[BlackElo "1998"]
[PlyCount "61"]
[EventDate "2018.11.10"]
[EventType "swiss"]
[EventRounds "9"]
[EventCountry "CZE"]
[SourceTitle "CBM 187 Extra"]
[Source "ChessBase"]
[SourceDate "2018.11.04"]
[SourceVersion "1"]
[SourceVersionDate "2018.11.04"]
[SourceQuality "1"]

1. e4 e6 2. d4 d5 3. Nc3 Bb4 4. a3 Bxc3+ 5. bxc3 dxe4 6. Qg4 Nf6 7. Qxg7 Rg8 8. Qh6 Rg6 9. Qd2 b6 10. a4 Bb7 11. a5 a6 12. Ne2 Nc6 13. axb6 cxb6 14. c4 Qd7 15. Bb2 0-0-0 16. Nf4 Rg4 17. d5 e5 18. Ne2 Qc7 19. Qc3 Nxd5 20. cxd5 Rxd5 21. g3 Kb8 22. Bh3 Rg6 23. Bf5 Rc5 24. Qe3 Nb4 25. Rc1 Rf6 26. Bxe4 Nxc2+ 27. Rxc2 Rxc2 28. Bxc2 Qxc2 29. Bxe5+ Ka7 30. Bxf6 Bxh1 31. f3 1-0